000 00856nam a2200253Ia 4500
003 OSt
005 20220926012159.0
006 a|||||r|||| 00| 0
007 ta
008 220923b |||||||| |||| 00| 0 eng d
020 _a9781845456818
_c1027.3299999999999
037 _bRKBA\09-10\4259, 21/02/2011, RAJKIRAN BOOK AGENCY
_cGeneral Book
040 _aRTL
_cRTL
_beng
041 _2eng
_aeng
082 _aY7:(G:6), P7
100 _aWADE Peter
_9250044
245 0 _aRace, ethinicity and nation
_b Perspectives from kinship and genetics
260 _aNew York
_bBerghahn Books
_c2009
300 _aviii, 207p
_ccm.
490 _aStudies of the Biosocial Society, Vol. 1
650 _aSociology
942 _hY7:(G:6), P7
_cGB
_2CC
999 _c621979
_d621979